000 00560nam a2200229Ia 4500
003 OSt
005 20220928141740.0
006 a|||||r|||| 00| 0
007 ta
008 220927b |||||||| |||| 00| 0 eng d
024 _a17391
037 _cTextual
040 _aSDCL
_cSDCL
_beng
041 _2eng
_aeng
082 _aX:87, L7
100 _aMcNichols Thomas J
_9502025
245 0 _aPolicy-making and executive action
250 _a5
260 _c1977
942 _hX:87, L7
_cTEXL
_2CC
999 _c819712
_d819712